| 000 | 00622nam a2200205 i 4500 | ||
|---|---|---|---|
| 001 | 71470 | ||
| 003 | ES-MaACL | ||
| 005 | 20250725215322.0 | ||
| 007 | t| | ||
| 008 | 040811s1908 it a |||| | ita d | ||
| 100 | 1 |
_aGelli, Jacopo. _956269 |
|
| 245 | 1 | 0 |
_a3500 ex-libris italiani _b: illustrati con 755 figure e da oltre motti, sentenze e divise / _cJacopo Gelli. |
| 260 |
_aMilano : _b[s.n., _c1908] ( _fAllegretti) |
||
| 300 |
_aXII, 535 p. ; _c15 cm. |
||
| 490 | 1 | _aManuali Hoepli | |
| 650 | 7 |
_aExlibris _2embne _912630 |
|
| 830 | 0 |
_aManuali Hoepli _9180782 |
|
| 852 |
_aES-MaACL _jD-4233 |
||
| 999 |
_c71470 _d71470 |
||